Statistics for New Divide - Linkin Park - All Lyrics

Click here to take the quiz!

General Stats

  • This quiz has been taken 31 times
  • The average score is 197 of 249

Answer Stats

Answer% Correct
a
100%
and
100%
And
100%
be
100%
I
100%
new
100%
The
100%
the
100%
to
100%
you
100%
divide
96%
in
96%
In
96%
me
96%
was
96%
So
91%
this
91%
your
91%
all
87%
as
87%
get
87%
Give
87%
give
87%
Let
87%
what
87%
deserve
83%
heard
83%
reason
83%
that
83%
That
83%
time
83%
voice
83%
eyes
78%
Like
78%
like
78%
cross
74%
it
74%
Across
70%
around
70%
between
70%
distance
70%
found
70%
had
70%
remembered
70%
clean
65%
every
65%
flash
65%
lie
65%
memory
65%
prove
65%
There
65%
wash
65%
wrong
65%
began
61%
each
61%
finally
61%
hole
61%
lies
61%
we
61%
where
61%
black
57%
blur
57%
Connect
57%
fill
57%
floods
57%
hide
57%
nothing
57%
skies
57%
space
57%
truth
57%
but
52%
lightning
52%
enough
48%
fell
48%
left
48%
reach
48%
regret
48%
sign
48%
too
48%
were
48%
ashes
43%
deny
43%
fate
43%
ground
43%
loss
43%
nowhere
43%
sight
43%
snow
43%
standing
43%
abandoned
39%
great
39%
memories
39%
mistake
39%
startling
39%
caved
35%
goodbye
26%

Score Distribution

Percentile by Number Answered

Percent of People with Each Score

Your Score History

You have not taken this quiz